Postacie z serii Naruto - Statystyki

Ogólne statystyki
  • Ten quiz został rozwiązany 1 207 razy
  • Średni wynik to 24 z 99
Statystyki odpowiedzi
Opis Bohater % Poprawnych
Główny bohater serii Naruto Uzumaki
97%
Księżniczka Byakugan Hinata Hyuga
65%
Wnuk trzeciego hokage Konohamaru Sarutobi
62%
Nauczyciel głównego bohatera i jego ojca Jiraiya
60%
Jedyny sannin piastujący stanowisko hokage Tsunade
53%
Wieczny leń, posługuje się cieniami w walce Shikamaru Nara
52%
Pochodzi z gałęzi rodu, kuzyn księżniczki Byakugan Neji Hyuga
50%
Różowowłosa kunoichi, nieszczęśliwie zakochana w przyjacielu z drużyny Sakura Haruno
50%
Mistrz marionetek, który sam nią jest Sasori
47%
Otyły chłopak, bardzo dużo je Choji Akimichi
46%
Był uczniem Czwartego, nauczycielem Siódmego, sam był Szósty Kakashi Hatake
45%
Główny przedstawiciel klanu Uchiha i jeden z głównych antagonistów serii Madara Uchiha
45%
Uwielbia palić i grać w shogi, należał do Dwunastu Strażników Ninja Asuma Sarutobi
44%
Uważał, że wybuchy są najpiękniejszą sztuką Deidara
43%
Piąty Kazekage, jinchuriki jednoogoniastego i przyjaciel Naruto Gaara
43%
Założyciel wioski i pierwszy Hokage Hashirama Senju
41%
Zdradził wioskę w celu zemszczenia się na bracie Sasuke Uchiha
41%
Z owadami żyje za pan-brat Shino Aburame
41%
Dążył do zniszczenia wioski podczas egzaminu na chunina/sannin Orochimaru
40%
Mistrz marionetek i starszy brat Kazekage Kankuro
39%
Przyjaciel i odwieczny rywal Kakashiego Might Guy
39%
Potrafi przejąć kontrolę nad umysłem rywala Ino Yamanaka
38%
Wybił swój klan i dołączył do Akatsuki dla dobra wioski Itachi Uchiha
38%
Nieśmiertelny jashinista Hidan
35%
Ojciec Naruto, czwarty Hokage, Żółty Błysk Konohy Minato Namikaze
35%
Starsza siostra Gaary i Kankuro Temari
35%
Mistrz Miecza, którego spotyka drużyna 7 na początku przygód Zabuza Momochi
35%
Czworonożny towarzysz Kiby Akamaru
34%
Walczy razem ze swoim czworonożnym przyjacielem Kiba Inuzuka
34%
Imię większości Raikage A
33%
Były nauczyciel i "przybrany" ojciec dla głownego bohatera Iruka Umino
33%
Kunoichi, która w walce posługuje się przede wszystkim różnego rodzaju orężem Tenten
33%
Za jego rządów powstała policja Konohy Tobirama Senju
33%
Niebieskowłosa władczyni papierowego jutsu Konan
32%
Oficjalny przywódca Akatsuki Pain
32%
Jest wielkim fanem swojego sensei, mistrz tajjutsu Rock Lee
30%
Ma obsesję na punkcie pieniędzy, walczył z 1. Hokage i przeżył Kakuzu
27%
Jeden z mistrzów miecza, z wyglądu przypomina rekina Kisame Hoshigaki
27%
Kolejny główny antagonista serii, przez większość czasu uśmiercony Obito Uchiha
27%
Poświęcił swoje życie ratując wioskę przed atakiem swojego byłego ucznia Hiruzen Sarutobi
26%
Kontrolował przywódcę Akatsuki za pomocą Rinnegana Nagato Uzumaki
26%
Założyciel i lider Korzenia, nieoficjalny 6. Hokage Danzo Shimura
24%
Zastąpił Sasuke w drużynie 7, włada atramentowymi technikami Sai
23%
Pierwotna wersja Pain'a, przyjaciel Nagato Yahiko
23%
Ojciec Choji'ego Choza Akimichi
22%
Opiekun drużyny 7 pod nieobecność Kakashiego, włada stylem drewna Yamato
22%
Doradczyni 5. Hokage, opiekunka Tonton Shizune
21%
Babcia Sasoriego Chiyo
20%
Brat 4. Raikage oraz jinchuriki ośmioogoniastego Killer Bee
20%
Opiekunka drużyny 8, nosi strój przypominający bandaże Kurenai Yuhi
20%
Przyjaciółka Obito, którą darzył nieodwzajemnionym uczuciem Rin Nohara
20%
Kunoichi, która posiadała przeklętą pieczęć Anko Mitarashi
19%
Głowa rodu Huyga Hiashi Hyuga
19%
Emerytowany weteran wojenny z Kirigakure, strażnik Mizukage Ao
18%
Mędrzec Sześciu Ścieżek Hagoromo Otsutsuki
18%
Sierota przygarnięty przez Zabuzę, posiadacz lodowego Kekken Genkai Haku
18%
Umięśniony, cichy mężczyzna posiadający przeklętą pieczęć Jugo
18%
Bliski współpracownik Orochimaru, w pewnym momencie przejął jego rolę Kabuto Yakushi
17%
Przywódca kraju Żelaza oraz samuraj Mifune
17%
Przywołaniec Kakashiego, pies ninja Pakkun
17%
Człowiek-woda, nieoficjalny członek Siedmiu Mistrzów Miecza, towarzysz Sasuke Suigetsu Hozuki
16%
Przywołaniec Naruto, najpierw mały potem wielki Gamakichi
15%
Opiekun drużyny Konohamaru Ebisu
14%
Prekursorka shinobi Kaguya Otsutsuki
14%
Człowiek-pająk wśród żołnierzy Orochimaru Kidomaru
14%
Właściciel ulubionej knajpy Naruto Teuchi
14%
Przywołaniec Jiraiya'i, szef ropuch Gamabunta
13%
Ojciec Ino Inoichi Yamanaka
13%
Przyjaciółka Konohamaru Moegi
13%
Powołał do życia legendarnych sanninów Hanzo Salamandra
12%
Ostatni członek klanu Kaguya, lider Piątki Dźwięku Kimimaro
12%
Trzeci Tsuchikage, korzysta z Uwolnienia Pyłu Onoki
12%
Walczyła za pomocą fletu, podwładna Orochimaru Tayuya
12%
Jonin, który nadzorował 3. etap egzaminu na Chunina Hayate Gekko
11%
Jonin specjalny, egzaminator 1. etapu egzaminu na chunina Ibiki Morino
11%
2. Tsuchikage, nauczył trzeciego Uwolnienia Pyłu Mu
11%
Ojciec Gaary, czwarty Kazekage Rasa
11%
Bracia Złoty i Srebrny Ginkaku i Kinkaku
10%
5. Mizukage, włada stylem lawy Mei Terumi
10%
Otyły shinobi Iwagakure, strażnik trzeciego i czwartego Tsuchikage Akatsuchi
9%
Główny przedstawiciel drużyny z wioski dźwięku podczas egzaminu na chunina Dosu Kinuta
9%
Duży i otyły członek Piątki Dźwięku Jirobo
9%
Najpotężniejszy wśród Kazekage, panował nad Żelaznym Piaskiem Trzeci Kazekage
9%
Przyjaciel Konohamaru, wiecznie zasmarkany Udon
9%
Czwarty Mizukage i jinchuriki trójogoniastego Yagura Karatachi
9%
Bracia Dźwięku zrośnięci w jedno ciało Sakon i Ukon
8%
Opiekun "trójki z Piasku" podczas egzaminu na chunina, starszy Sunagakure Baki
7%
Kunoichi z Kumogakure, strażniczka Raikage, towarzysz broni Omoiego Karui
7%
Ukochany Tsunade, zginął w trakcie Drugiej Wojny Shinobi Dan Kato
6%
Wnuczka 3. Tsuchikage, jego strażniczka oraz następczyni Kurotsuchi
6%
Shinobi Otogakure, potrafił kontrolować fale dźwiękowe dzięki otworom w dłoniach Zaku Abumi
6%
Twórca mostu nazwanego "Naruto", pochodził z kraju Fal Tazuna
5%
Shinobi z Konohy, nosi bandaż na nosie, za broń posiada wielką muszlę Kotetsu Hagane
4%
Bohaterka Ukrytego Piasku Pakura
4%
Drugi Mizukage, zginął z rąk 2. Tsuchikage, lekkoduch Gengetsu Hozuki
3%
Pierwszy znany lider klanu Uzumaki Ashina Uzumaki
2%
Jonin specjalny, był egzaminatorem 4. etapu egzaminu na chunina Genma Shiranui
2%
Shinobi z Konohy, partner Kotetsu w misjach, brał udział w ataku na Akatsuki Izumo Kamizuki
2%
Członkini Anbu, dziewczyna Hayate Gekko Yugao Uzuki
1%
Nie znaleziono quizów pasujących do podanych kryteriów
Rozkład punktacji
Procent ludzi z każdym wynikiem
Percentyl według liczby udzielonych odpowiedzi
Twoja historia wyników
Nie rozwiązałeś tego quizu